000 00901nas a2200265 4500
001 BR8502136
003 BR-BrBNA
005 20231205090159.0
007 ta
008 230509b bl.|||p| |||| 00| 00por d
040 _aBR-BrBNA
_bpor
_cBiblioteca Nacional de Agricultura
041 _a(Pt)
072 _aQ02; Q80
100 1 _aSarantopoulos, C.I.G. de L.
100 1 _aGarcia, A.E.
100 1 _aOliveira, L.M. de
100 1 _aOrtiz, S.A.
245 1 _aInfluencia do processamento termico e das condicoes de estocagem no desempenho de embalagens flexiveis para alimentos de alta acidez
650 _aALIMENTO
650 _aESTOCAGEM
650 _aEMBALAGEM
773 0 _tBoletim da Sociedade Brasileira de Ciencia e Tecnologia de Alimentos (Brazil)
_xISSN 0101-3637
_g(Apr-Jun 1985), v. 19(2) p. 130-155
_wBR8502136
909 _a202311
_bLúcia
_c55
_dLúcia Elande
942 _2AGRIS
_n0
_cANA
999 _c116605
_d116605